Kogo to numer - polski rap #2 - Statystyki

Ogólne statystyki
  • Ten quiz został rozwiązany 51 razy
  • Średni wynik to 5 z 10
Statystyki odpowiedzi
Hint Odpowiedź % Poprawnych
Kochaj mnie Szpaku
72%
Jim Morrison White2115
72%
Szejk Quebonafide
67%
Incepcja Żabson
67%
Nigdy albo zawsze Gibbs
51%
Ładni smutni ludzie Paluch
49%
Milion długu Białas
44%
W.Samo.Serce Guzior
33%
HAUTE COUTURE TUZZA Globale
33%
Autodistroj Joda
7%
Nie znaleziono quizów pasujących do podanych kryteriów
Rozkład punktacji
Procent ludzi z każdym wynikiem
Percentyl według liczby udzielonych odpowiedzi
Twoja historia wyników
Nie rozwiązałeś tego quizu